Szczegóły MARC21

Einführung in die Phonologie /

003 -Nazwa inst., której nr kontr. jest w polu 001 [,]
    • @
    • Nazwa instytucji, której n kontrolny jest w polu 001
    • NUKAT
005 -DATA I CZAS OSTATNIEJ MODYFIKACJI [,]
    • @
    • pole kontrolne
    • 20241231091917.0
020 -Międzynarod. znormalizowany nr książki - ISBN [ , ]
    • a
    • Numer ISBN
    • 3921527325 Find
040 -Instytucja sporządzająca opis [ , ]
    • a
    • Instytucja, która sporządziła opis (NP)
    • KR U/84SzE
    • c
    • Instytucja, która sporządziła rekord (NP)
    • KR U/84SzE
    • d
    • Instytucja, która zmodyfikowała rekord (P)
    • KR U/JAFs
942 -Rodzaj dokumentu [ , ]
    • c
    • Rodzaj dokumentu
    • Książka
100 -Hasło główne - nazwa osobowa [1, ]
    • a
    • Nazwa osobowa (NP)
    • Ramers, Karl Heinz.
    • 9
    • KHW
    • 428294
245 -Strefa tytułu i oznaczenia odpowiedzialności [1,0]
    • a
    • Tytuł
    • Einführung in die Phonologie / Find
    • c
    • Pozostałe elementy strefy tytułu i oznaczenia odpowiedzialności (NP)
    • Karl-Heinz Ramers, Heinz Vater.
250 -Strefa wydania [ , ]
    • a
    • Oznaczenie wydania (NP)
    • 4., rev. ed.
260 -Strefa adresu wydawniczego [ , ]
    • a
    • Miejsce wydania (P)
    • Hürth :
    • b
    • Nazwa wydawcy (P)
    • Gabel Verlag,
    • c
    • Data wydania (P)
    • 1995.
300 -Strefa opisu fizycznego [ , ]
    • a
    • Określenie formy książki i/lub objętość (NP)
    • V, [1], 130 s. :
    • b
    • Oznaczenie ilustracji (NP)
    • il. ;
    • c
    • Format (NP)
    • 21 cm.
336 -Typ zawartości [ , ]
    • a
    • Termin opisujący typ zawartości
    • Tekst
    • b
    • Kod określający zawartość
    • txt
    • 2
    • Źródło (terminu i kodu)
    • rdacontent
337 -Typ mediów [ , ]
    • a
    • Tryb odtwarzania
    • Bez urządzenia pośredniczącego
    • b
    • Kod typu mediów
    • n
    • 2
    • Źródło (terminu i kodu)
    • rdamedia
338 -Typ/rodzaj nośnika [ , ]
    • a
    • Hasło opisujące typ nośnika
    • Wolumin
    • b
    • Kod typu nośnika
    • nc
    • 2
    • Źródło (terminu i kodu)
    • rdacarrier
490 -Strefa serii i książki wielotomowej - forma nie do wyszukiwania [1, ]
    • a
    • Tytuł (P)
    • KLAGE Kölner Linguistische Arbeiten - Germanistik, Find
    • x
    • ISSN (NP)
    • 0939-9275 ;
    • v
    • Numeracja (P)
    • 16
830 -Hasło dodatkowe serii i opisu książki wielotomowej - tytuł ujednolicony/tytuł [ ,0]
    • a
    • Tytuł ujednolicony/tytuł (NP)
    • KLAGE Kölner Linguistische Arbeiten - Germanistik
    • x
    • ISSN
    • 0939-9275
    • v
    • Oznaczenie tomu (NP)
    • 16
    • 9
    • KHW
    • 590482
504 -Uwaga dot. bibliogr. załącznikowej [ , ]
    • a
    • Uwaga dot. bibliografii załącznikowej
    • Bibliogr. s. 121-130.
080 -Uniwersalna Klasyfikacja Dziesiętna [ , ]
    • a
    • Symbol klasyfikacji
    • 803.0-15
080 -Uniwersalna Klasyfikacja Dziesiętna [ , ]
    • a
    • Symbol klasyfikacji
    • :803.0-4=30
650 -Hasło przedmiotowe [ ,7]
    • a
    • Hasło przedmiotowe
    • Język niemiecki
    • x
    • Określnik rzeczowy
    • fonologia
    • v
    • Określnik formalny
    • podręczniki akademickie.
    • 2
    • Źródło terminu
    • kaba
    • 9
    • KHW
    • 631162
980 -Symbol UKD [ , ]
    • a
    • UKD
    • 803.0-15:803.0-4=30
700 -Hasło dodatkowe - nazwa osobowa [1, ]
    • a
    • Nazwa osobowa (NP)
    • Vater, Heinz Find
    • d
    • Daty biograficzne (NP)
    • (1932-2015).
    • 9
    • KHW
    • 21931
920 -ISBN [ , ]
    • a
    • ISBN
    • 3-921527-32-5 Find
Data inwentaryzacji Lokalizacja Numer inwentarzowy Status udost. Sygnatura
2000-12-20BMG.151142 
2000-12-20BMG.15117-6 
2004-01-21BMG.167091 
2000-12-20BMG.151162 
2000-12-20BMG.151182 
2000-12-20BMG.151192 
2000-12-20BMG.151202 
2002-04-03BMG.165312 
2000-12-20BMG.15115-3Germ. Fonetyka i fonologia 06
2000-12-20BMG.15121-3Germ. Fonetyka i fonologia 07
2000-12-20BMG.15122-3Germ. Fonetyka i fonologia 08
2000-12-20BMG.15123-3Germ. Fonetyka i fonologia 09